00693nam a2200253Ia 450000500170000000800460001702000180006303700100008104000080009104000080009904000080010704100080011504100080012308400080013110000250013924500460016426000310021026000090024165000220025085600450027294200100031799900210032795200910034820260306153817.0008 260114s9999 xx 000 0 eng d a9781139022200 aEBOOK aCRL beng cCRL 2eng aeng qCRL aMcLeod/Shah91126276 0aNews Frames and National Security 1st ed bCambridge University Press c2014 aPolitical Science uhttps://doi.org/10.1017/CBO9781139022200 cEBOOK c1704992d1704992 00104070aCRLbCRLd2026-03-06l0pCL1985000r2026-03-06 15:38:17w2026-03-06yEBOOK